00509nam a2200181Ia 450000500170000000800410001702000140005808200130007210000130008524500420009826000280014030000170016865000150018565000130020094200060021395200950021999900130031420240704052229.0240331s9999 xx 000 0 und d a041501400 a155bGRO aGrosz, E 0aJacques Lucan a feminist introduction aLondonbRoutledgec1990 avi, 218 p ., aPsychology aFeminism cL 001040708LaWERCLbWERCLcSSCd2024-03-31l0o 155 GROp5169r2024-03-31w2024-03-31yL c744d744